000 00651nam a22001457a 4500
020 _a978-1-862-30189-4
082 _a823
_bCOL/C
100 _aCOLE, STEVE
245 _aCOWS IN ACTION
_bTHE TER-MOO-NATORS
260 _aGREAT BRITAIN
_bRED FOX BOOKS
_c2007
300 _a150
520 _aThey travel through time, fighting evil bulls from the future and keeping history on the right track . . . When Professor McMoo invents a brilliant TIME MACHINE, he and his friends are soon attacked by a terrifying TER-MOO-NATOR - a deadly robo-cow who wants to mess with the past and change the future!
650 _aADVENTURE STORY
_zUNITED KINGDOM
942 _cBK
999 _c6041
_d6041